| 000 | 00562nam a2200193 a 4500 | ||
|---|---|---|---|
| 005 | 20140412111303.0 | ||
| 008 | 001120s19uu xx 00 eng d | ||
| 020 | _a0-448-4126-0 | ||
| 050 |
_aER _bTr67 1996 |
||
| 100 | _aElste, Joan | ||
| 245 |
_aTrue blue / _cby Joan Elste ; illustrated by Dy Anne Disalvo-Ryan. |
||
| 260 |
_aNew York : _bGrosset and Dunlop, _c1996. |
||
| 300 | _a48 p. ; col. ; ill. | ||
| 440 | _aAll aboard reading, level 3 | ||
| 500 | _aGrades 2-3 | ||
| 650 | _aDogs -- Fiction | ||
| 650 | _aFriendship -- Fiction | ||
| 999 |
_c103497 _d103497 |
||